| 000 | 00577nam a22001937a 4500 | ||
|---|---|---|---|
| 003 | OSt | ||
| 005 | 20170228141544.0 | ||
| 008 | 170228b xxu||||| |||| 00| 0 eng d | ||
| 020 | _a9780131274983 | ||
| 040 | _cDDC. | ||
| 082 | _a532.05 VER 2007. | ||
| 100 |
_aVersteeg,H.K;Malalasekera; _911682 |
||
| 245 | _aAn Introduction to Computational Fruid Dynamics:The Finite Volume Method. | ||
| 260 |
_aHarlow; _bPearson Prentice Hall. _c2007. |
||
| 300 |
_axii,503p; _bill; _c27cm. |
||
| 504 | _aincludes bibliography and index. | ||
| 650 |
_aPhysics. _9809 |
||
| 942 |
_2ddc _cO_SHELF |
||
| 999 |
_c5592 _d5592 |
||